Priemyselné imisie síry a dusíka v podmienkach poľnohospodárskej krajiny vo vzťahu k acidifíkácii pôd

Bibliographic Details
Main Authors: Lazor, Peter, 1971- (Author), Vollmannová, Alena, 1959- (Author), Tomáš, J. (Author), Halásová, M. (Author), Tóth, T. (Author)
Format: Article
Language:Slovak
ISBN:8089128009

MARC

LEADER 00000naa a2200000uu 4500
001 vtls011073528
003 SK-MaSNL
005 20260302111143.0
008 210909|2002 xo |||||||||||||||||slo|
015 |a SNBRA 
035 |a (urnnbn)urn:nbn:sk:snk:ar-a0ccj6 
035 |a (uuid)39b4a5ac-f3eb-4d20-8084-51f69dfc4f8d 
035 |a urn:nbn:sk:snk-aavird 
040 |a SNKBUCL  |b slo  |c SNKBUCL  |e AACR2 
041 0 |a slo 
044 |a xo  |c SK 
100 1 |a Lazor, Peter,  |d 1971-  |4 aut  |9 18585 
245 1 0 |a Priemyselné imisie síry a dusíka v podmienkach poľnohospodárskej krajiny vo vzťahu k acidifíkácii pôd  |c P. LAZOR, A. VOLLMANNOVÁ, J. TOMÁŠ, M. HALÁSOVÁ, T. TÓTH 
700 1 |a Vollmannová, Alena,  |d 1959-  |4 aut  |9 10573 
700 1 |a Tomáš, J.  |4 aut  |9 786929 
700 1 |a Halásová, M.  |4 aut  |9 788194 
700 1 |a Tóth, T.  |4 aut  |9 273397 
773 0 |t Prvé pôdoznalecké dni v SR  |d Bratislava : Výskumný ústav pôdoznalectva a ochrany pôdy, 2002  |g S. 203-209  |z 8089128009 
958 |a OND 
958 |a article12 
958 |a chapter 
999 |c 1246504  |d 1248434